000 00669nam a22002057a 4500
003 DO-CoUTE
005 20230701100755.0
008 230626b dr ||||| |||| 00| 0 spa d
020 _a978-9945-442-57-1
040 _aDO-CoUTE
_bspa
_cDO-CoUTE
082 _222
_a808.831 U76c 2008
100 1 _aUribe, Verónica
_eautor
245 1 0 _aCuentos de espantos y aparecidos /
_cVerónica Urebe
250 _aPrimera edicion
260 _aSanto Domingo, República Dominicana :
_bLatinoamericana,
_c2008
300 _a89 páginas :
_bIlustraciones ;
_c16x22cm
504 _aIncluye referencia bibliográfica e índice
650 4 _aCuentos infantiles
942 _2ddc
_cBK
999 _c22810
_d22810